Thinking in systems (Registro nro. 308021)

Detalles MARC
000 -ENCABEZADO
Número de control [NR] 00779 a2200217 4500
005 - FECHA Y HORA DE LA ÚLTIMA TRANSACCIÓN
control field 20171115154157.0
008 - DE LONGITUD FIJA DE DATOS DE ELEMENTOS - INFORMACIÓN GENERAL
Elementos de longitud fija [NR] 171115s2008 xxu|||||r|||| 00| 0 eng d
020 ## - NUMERO INTERNACIONAL NORMALIZADO PARA LIBROS [R]
Número Internacional Normalizado del libro [NR] 9781603580557
040 ## - FUENTE DE CATALOGACION [NR]
Agencia de catalogación original [NR] CO-BoUCM
Idioma de catalogación [NR] spa
Quien Cataloga Sandra Palacio
Quien Clasifica Sandra Palacio
041 0# - CODIGO DE IDIOMA [R]
Código de idioma para texto/pista de sonido o título separado [R] Inglés
100 1# - ASIENTO PRINCIPAL--NOMBRE PERSONAL [NR]
Nombre personal [NR] Meadows, Donella H.
ID Autoridad 64850
245 10 - MENCION DE TITULO [NR]
Título [NR] Thinking in systems
Parte restante del título [NR] A Primer
Mención de responsabilidad, etc. [NR] Donella H. Meadows editado por Diana Wright
260 ## - PUBLICACION, DISTRIBUCION, ETC. (PIE DE IMPRENTA) [R]
Nombre del editor, distribuidor, etc. [R] Chelsea Green Publishing
Lugar de publicación, distribución, etc. [R] White River Junction (Vermont, Estados Unidos)
Fecha de publicación, distribución, etc. [R] 2008
300 ## - DESCRIPCION FISICA [R]
Extensión [R] xiii, 218 páginas
650 17 - ASIENTO SECUNDARIO DE MATERIA - TERMINO TEMATICO [R]
9 (RLIN) 8114
Término temático o nombre geográfico como elemento de entrada [NR] Sistemas
650 27 - ASIENTO SECUNDARIO DE MATERIA - TERMINO TEMATICO [R]
9 (RLIN) 19455
Término temático o nombre geográfico como elemento de entrada [NR] Métodos de simulación
650 27 - ASIENTO SECUNDARIO DE MATERIA - TERMINO TEMATICO [R]
9 (RLIN) 21261
Término temático o nombre geográfico como elemento de entrada [NR] Pensamiento crítico
700 1# - ASIENTO SECUNDARIO - NOMBRE PERSONAL [R]
Nombre personal [NR] Wright, Diana
Término de relación [R] editor
9 (RLIN) 89016
942 ## - ELEMENTOS DE ENTRADA AGREGADOS (KOHA)
Tipo de ítem principal el descrito en 300a Libro
Sistema de clasificación DEWEY
Tema principal Generalidades
Edición 1
Clasificación 003
Parte restante de la signatura top. M482th
Existencias
Fecha de último préstamo Total préstamos Total Renewals Signatura topográfica Código de barras Última vez visto Ejemplar Costo de reposición Price effective from Tipo de ítem Perdido Sistema de clasificación Dañado No prestable Tipo de ítem específico Suprimido Ubicación habitual Ubicación actual Localización Fecha de creación Proveedor Forma de adquisición Costo
10/05/2018 1 1 003 M482th 100155414 03/12/2025 Ej.1 37262.00 08/11/2017 Libro   DEWEY     Libro   Claustro Claustro 4to piso 08/11/2017 15 Compra 37262.00